000 00776nam a2200229 a 4500
001 44114
003 BD-RjUL
005 20211209053813.0
008 160713s1956 bg ||||| |||| 00| 0 ben d
020 _c: PRs. 2.50
035 _a(BD-RjUL)44232
040 _aBD-RjUL
_bben
_cBD-RjUL
041 _aben
082 _223
_a891.441
_bASK 1956
100 1 _a আশরাফ, সৈয়দ আলী
_9122607
245 1 0 _aকাব্য- পরিচয় /
_cসৈয়দ আলী আশরাফ
260 _aঢাকা :
_bমোকাররম পাবলিশার্স,
_c১৯৫৬
300 _a১১১ পৃ. ;
_c২১ সেমি.
650 _aবাংলা কবিতা
_9135448
650 _aBengali poetry
_9135449
942 _2ddc
_cBK
999 _c44114
_d44114